Brawl Stars: All Free Skins - Statistics

General Stats
  • This quiz has been taken 95 times
    18 since last reset
  • The average score is 10 of 41
Answer Stats
Year Brawler Answer % Correct
2018 Barley Wizard Barley
85%
2018 Shelly Star Shelly
69%
2018 Mortis Top Hat Mortis
62%
2019 Rico Ricochet
46%
2025 Kenji Manga Kenji
38%
2021 Dynamike Classic Mike
31%
2022 Shelly Classic Shelly
31%
2024 Buzz Godzilla Buzz
31%
2025 Leon Graffiti Leon
31%
2025 Ollie Jake Ollie
31%
2025 Amber Knight Amber
31%
2025 Doug Knight Doug
31%
2020 Jessie Red Dragon Jessie
31%
2025 Doug True Gold Doug
31%
2020 Bull Barbarian King Bull
23%
2020 Rosa Brawl-o-ween Rosa
23%
2024 Brock Fresh Cut Brock
23%
2025 Bonnie Icarus Bonnie
23%
2021 Darryl Mega Box Darryl
23%
2020 Brock Old School Brock
23%
2022 Darryl Omega Box Darryl
23%
2021 Jessie Cat Burglar Jessie
15%
2023 Colt Dark Angel Colt
15%
2024 Gus Gruesome Gus
15%
2021 Dynamike PSG Mike
15%
2020 Shelly PSG Shelly
15%
2022 Tara Ragequit Tara
15%
2025 Dynamike Romantic Dynamike
15%
2024 Rico Sovereign Rico
15%
2024 El Primo SpongeBob El Primo
15%
2024 Shelly Squad Buster Shelly
15%
2024 Surge Surge Lightyear
15%
2025 Chester Uno Chester
15%
2021 8-Bit V8-Bit
15%
2021 Bibi Vicious Bibi
15%
2021 Bo Warrior Bo
15%
2025 Kit Yuki Kit
15%
2025 Kit Guismo Kit
8%
2025 Kit Mariano Kit
8%
2022 Brock ZomBrock
8%
2025 Colette Tokusatsu Colette
0%
No matching quizzes found
Score Distribution
Percent of People with Each Score
Percentile by Number Answered
Your Score History
You have not taken this quiz since the last reset